INTRODUCTION TO BIOSTATISTICS AND RESEARCH METHODS (Record no. 33158)

MARC details
000 -LEADER
fixed length control field 00407nam a22001697a 4500
003 - CONTROL NUMBER IDENTIFIER
control field SGT
020 ## - INTERNATIONAL STANDARD BOOK NUMBER
International Standard Book Number 97881203452
082 ## - DEWEY DECIMAL CLASSIFICATION NUMBER
Classification number 614
Item number I25R
100 ## - MAIN ENTRY--PERSONAL NAME
Personal name RAO, P.S.S. SUNDAR
245 ## - TITLE STATEMENT
Title INTRODUCTION TO BIOSTATISTICS AND RESEARCH METHODS
250 ## - EDITION STATEMENT
Edition statement 5TH
260 ## - PUBLICATION, DISTRIBUTION, ETC. (IMPRINT)
Place of publication, distribution, etc INDIA
Name of publisher, distributor, etc PHI PUB
Year of Publication 2025
300 ## - PAGE DESCRIPTION
No. of Pages 268
650 ## - SUBJECT ADDED ENTRY--TOPICAL TERM
Topical term or geographic name as entry element RESEARCH
653 ## - KEYWORDS--INDEX TERM
Keyword term BIOSTATISTICS AND RESEARCH METHODS
942 ## - ADDED ENTRY ELEMENTS (KOHA)
Source of classification or shelving scheme Dewey Decimal Classification
Koha item type Books
Holdings
Withdrawn status Lost status Source of classification or shelving scheme Damaged status Not for loan Collection code Home library Current library Shelving location Date acquired Vendor Name Cost, normal purchase price SGTU Bill Number Total Checkouts Full call number Accession No. (Barcode) Date last seen Date last borrowed Bill Date Koha item type
    Dewey Decimal Classification     MEDICAL SGT Medical Library SGT Medical Library Text Book 06/10/2025 BRIJWASI BOOK DISTRIBUTORS DELHI 450.00 SGTU BW/000271 2 614 I25R FM15586 23/02/2026 14/02/2026 06/10/2025 Books
    Dewey Decimal Classification     MEDICAL SGT Medical Library SGT Medical Library Text Book 06/10/2025 BRIJWASI BOOK DISTRIBUTORS DELHI 450.00 SGTU BW/000271 1 614 I25R FM15587 04/12/2025 03/12/2025 06/10/2025 Books
    Dewey Decimal Classification     MEDICAL SGT Medical Library SGT Medical Library Text Book 06/10/2025 BRIJWASI BOOK DISTRIBUTORS DELHI 450.00 SGTU BW/000271 1 614 I25R FM15588 30/03/2026 30/03/2026 06/10/2025 Books
    Dewey Decimal Classification     MEDICAL SGT Medical Library SGT Medical Library Text Book 06/10/2025 BRIJWASI BOOK DISTRIBUTORS DELHI 450.00 SGTU BW/000271 2 614 I25R FM15589 21/04/2026 13/04/2026 06/10/2025 Books
    Dewey Decimal Classification     MEDICAL SGT Medical Library SGT Medical Library Text Book 06/10/2025 BRIJWASI BOOK DISTRIBUTORS DELHI 450.00 SGTU BW/000271 1 614 I25R FM15590 08/05/2026 26/03/2026 06/10/2025 Books